<?xml version="1.0" encoding="UTF-8"?><?xml-stylesheet type="text/xsl" href="static/style.xsl"?><OAI-PMH xmlns="http://www.openarchives.org/OAI/2.0/" xmlns:xsi="http://www.w3.org/2001/XMLSchema-instance" xsi:schemaLocation="http://www.openarchives.org/OAI/2.0/ http://www.openarchives.org/OAI/2.0/OAI-PMH.xsd"><responseDate>2026-04-17T22:03:52Z</responseDate><request verb="GetRecord" identifier="oai:repisalud.isciii.es:20.500.12105/16664" metadataPrefix="marc">https://repisalud.isciii.es/rest/oai/request</request><GetRecord><record><header><identifier>oai:repisalud.isciii.es:20.500.12105/16664</identifier><datestamp>2024-09-27T09:48:43Z</datestamp><setSpec>com_20.500.12105_19604</setSpec><setSpec>com_20.500.12105_2051</setSpec><setSpec>col_20.500.12105_19605</setSpec></header><metadata><record xmlns="http://www.loc.gov/MARC21/slim" xmlns:dcterms="http://purl.org/dc/terms/" xmlns:doc="http://www.lyncode.com/xoai" xmlns:xsi="http://www.w3.org/2001/XMLSchema-instance" xsi:schemaLocation="http://www.loc.gov/MARC21/slim http://www.loc.gov/standards/marcxml/schema/MARC21slim.xsd">
   <leader>00925njm 22002777a 4500</leader>
   <datafield ind2=" " ind1=" " tag="042">
      <subfield code="a">dc</subfield>
   </datafield>
   <datafield ind2=" " ind1=" " tag="720">
      <subfield code="a">Fernández-Jiménez, Rodrigo</subfield>
      <subfield code="e">author</subfield>
   </datafield>
   <datafield ind2=" " ind1=" " tag="720">
      <subfield code="a">García-Prieto, Jaime</subfield>
      <subfield code="e">author</subfield>
   </datafield>
   <datafield ind2=" " ind1=" " tag="720">
      <subfield code="a">Sánchez-González, Javier</subfield>
      <subfield code="e">author</subfield>
   </datafield>
   <datafield ind2=" " ind1=" " tag="720">
      <subfield code="a">Agüero, Jaume</subfield>
      <subfield code="e">author</subfield>
   </datafield>
   <datafield ind2=" " ind1=" " tag="720">
      <subfield code="a">López-Martín, Gonzalo J</subfield>
      <subfield code="e">author</subfield>
   </datafield>
   <datafield ind2=" " ind1=" " tag="720">
      <subfield code="a">Galán-Arriola, Carlos</subfield>
      <subfield code="e">author</subfield>
   </datafield>
   <datafield ind2=" " ind1=" " tag="720">
      <subfield code="a">Molina-Iracheta, Antonio</subfield>
      <subfield code="e">author</subfield>
   </datafield>
   <datafield ind2=" " ind1=" " tag="720">
      <subfield code="a">Doohan, Roisin</subfield>
      <subfield code="e">author</subfield>
   </datafield>
   <datafield ind2=" " ind1=" " tag="720">
      <subfield code="a">Fuster, Valentin</subfield>
      <subfield code="e">author</subfield>
   </datafield>
   <datafield ind2=" " ind1=" " tag="720">
      <subfield code="a">Ibáñez, Borja</subfield>
      <subfield code="e">author</subfield>
   </datafield>
   <datafield ind2=" " ind1=" " tag="260">
      <subfield code="c">2015-08-18</subfield>
   </datafield>
   <datafield ind2=" " ind1=" " tag="520">
      <subfield code="a">BACKGROUND&#xd;
Post-ischemia/reperfusion (I/R) myocardial edema was recently shown to follow a consistent bimodal pattern: an initial wave of edema appears on reperfusion and dissipates at 24 h, followed by a deferred wave that initiates days after infarction, peaking at 1 week.&#xd;
OBJECTIVES&#xd;
This study examined the pathophysiology underlying this post-I/R bimodal edematous reaction.&#xd;
METHODS&#xd;
Forty instrumented pigs were assigned to different myocardial infarction protocols. Edematous reaction was evaluated by water content quantification, serial cardiac magnetic resonance T2-mapping, and histology/immunohistochemistry. The association of reperfusion with the initial wave of edema was evaluated in pigs undergoing 40-min/80-min I/R and compared with pigs undergoing 120-min ischemia with no reperfusion. The role of tissue healing in the deferred wave of edema was evaluated by comparing pigs undergoing standard 40-min/7-day I/R with animals subjected to infarction without reperfusion (chronic 7-day coronary occlusion) or receiving post-I/R high-dose steroid therapy.&#xd;
RESULTS&#xd;
Characterization of post-I/R tissue changes revealed maximal interstitial edema early on reperfusion in the ischemic myocardium, with maximal content of neutrophils, macrophages, and collagen at 24 h, day 4, and day 7 post-I/R, respectively. Reperfused pigs had significantly higher myocardial water content at 120 min and T2 relaxation times on 120 min cardiac magnetic resonance than nonreperfused animals. Permanent coronary occlusion or high-dose steroid therapy significantly reduced myocardial water content on day 7 post-infarction. The dynamics of T2 relaxation times during the first post-infarction week were altered significantly in nonreperfused pigs compared with pigs undergoing regular I/R.&#xd;
CONCLUSIONS&#xd;
The 2 waves of the post-I/R edematous reaction are related to different pathophysiological phenomena. Although the first wave is secondary to reperfusion, the second wave occurs mainly because of tissue healing processes.</subfield>
   </datafield>
   <datafield ind1="8" ind2=" " tag="024">
      <subfield code="a">J Am Coll Cardiol. 2015 Aug 18;66(7):816-828.</subfield>
   </datafield>
   <datafield ind1="8" ind2=" " tag="024">
      <subfield code="a">http://hdl.handle.net/20.500.12105/16664</subfield>
   </datafield>
   <datafield ind1="8" ind2=" " tag="024">
      <subfield code="a">26271065</subfield>
   </datafield>
   <datafield ind1="8" ind2=" " tag="024">
      <subfield code="a">10.1016/j.jacc.2015.06.023</subfield>
   </datafield>
   <datafield ind1="8" ind2=" " tag="024">
      <subfield code="a">1558-3597</subfield>
   </datafield>
   <datafield ind1="8" ind2=" " tag="024">
      <subfield code="a">Journal of the American College of Cardiology</subfield>
   </datafield>
   <datafield ind2="0" ind1="0" tag="245">
      <subfield code="a">Pathophysiology Underlying the Bimodal Edema Phenomenon After Myocardial Ischemia/Reperfusion.</subfield>
   </datafield>
</record></metadata></record></GetRecord></OAI-PMH>